| 000 | 00415nam a2200157Ia 4500 | ||
|---|---|---|---|
| 008 | 230725s1987 xx 000 0 und d | ||
| 041 | _aeng | ||
| 082 | _a615.321 | ||
| 245 | _aAYUSH 64, A NEW ANTI MALARIAL HERBAL COMPOUND | ||
| 260 |
_bCENTRAL COUNCIAL FOR RESEARCH IN AYURVEDIC _c1987 |
||
| 300 | _a107 | ||
| 500 | _aTEXT BOOK | ||
| 501 | _aPGY | ||
| 520 | _aPB | ||
| 650 | _aPHARMACOGNOSY & PHYTHOCHEMISTRY | ||
| 999 |
_c767730 _d767730 |
||